Motor and non-motor symptoms of Parkinson’s disease in the elderly population (notice n° 1810103)

détails MARC
000 -LEADER
fixed length control field 01863cam a2200181 4500500
005 - DATE AND TIME OF LATEST TRANSACTION
control field 20260329001931.0
041 ## - LANGUAGE CODE
Language code of text/sound track or separate title fre
042 ## - AUTHENTICATION CODE
Authentication code dc
100 10 - MAIN ENTRY--PERSONAL NAME
Personal name Torres, Daniel
Relator term author
245 00 - TITLE STATEMENT
Title Motor and non-motor symptoms of Parkinson’s disease in the elderly population
260 ## - PUBLICATION, DISTRIBUTION, ETC.
Date of publication, distribution, etc. 2026.<br/>
500 ## - GENERAL NOTE
General note 82
520 ## - SUMMARY, ETC.
Summary, etc. Non-motor symptoms in the very elderly Parkinson’s disease (PD) population are poorly described. Our study (PPMI cohort and literature review), in two possible situations (late-onset PD [LOPD, &gt; 70 years] and classic-onset PD [COPD, &lt; 70 years]), focused on: (1) a cross-sectional comparison of patients seen &gt; 70 years; and (2) a longitudinal comparison based on duration of progression (&lt; 3 years, 3–6 years, ≥ 6 years).Results A total of 1,188 PD patients were included (950 COPD, 238 LOPD). LOPD patients showed faster progression, with greater motor severity (UPDRS III) and daily functional impairments (UPDRS I-II) at all stages, greater involvement of axial signs, gait disorders, and postural instability. Non-motor symptoms are more common, including earlier and more marked cognitive decline and more frequent daytime sleepiness. Dysautonomic symptoms (urinary disorders, constipation, hypotension, hypersalivation) are also more frequent. These results highlight the need for close cognitive monitoring and individualized management of these late-onset forms and may reflect different underlying pathophysiological mechanisms depending on age.
700 10 - ADDED ENTRY--PERSONAL NAME
Personal name Lanore, Aymeric
Relator term author
700 10 - ADDED ENTRY--PERSONAL NAME
Personal name Mariani, Louise-Laure
Relator term author
786 0# - DATA SOURCE ENTRY
Note Gériatrie et Psychologie Neuropsychiatrie du Vieillissement | 23 | 4 | 2026-02-04 | p. 448-457 | 2115-8789
856 41 - ELECTRONIC LOCATION AND ACCESS
Uniform Resource Identifier <a href="https://stm.cairn.info/journal-geriatrie-et-psychologie-neuropsychiatrie-du-vieillissement-2025-4-page-448?lang=en&redirect-ssocas=7080">https://stm.cairn.info/journal-geriatrie-et-psychologie-neuropsychiatrie-du-vieillissement-2025-4-page-448?lang=en&redirect-ssocas=7080</a>

Pas d'exemplaire disponible.

PLUDOC

PLUDOC est la plateforme unique et centralisée de gestion des bibliothèques physiques et numériques de Guinée administré par le CEDUST. Elle est la plus grande base de données de ressources documentaires pour les Étudiants, Enseignants chercheurs et Chercheurs de Guinée.

Adresse

627 919 101/664 919 101

25 boulevard du commerce
Kaloum, Conakry, Guinée

Réseaux sociaux

Powered by Netsen Group @ 2025